Právomoc Ústavného súdu Slovenskej republiky a ďalších súdov pri ochrane práv fyzických a právnických osôb

Právomoc ústavného súdu vo vzťahu k iným súdnym orgánom. Právomoc ústavného súdu vo vzťahu k všeobecným súdom Slovenskej republiky. Ústavný súd SR a rozhodnutia Ústavného súdu Českej a Slovenskej Federatívnej Republiky. Ústavný súd SR a rozhodnutia Európskeho súdu pre ľudské práva a Komisie pre ľuds...

Descrizione completa

Salvato in:
Dettagli Bibliografici
Autore principale: Drgonec, Ján
Natura: Capitolo di libro
Lingua:slovacco
Soggetti:
Tags: Aggiungi Tag
Nessun Tag, puoi essere il primo ad aggiungerne!!

MARC

LEADER 00000naa a2200000 4500
001 r017981
005 20221205090841.5
041 0 |a slo 
044 |a SK 
245 1 0 |a Právomoc Ústavného súdu Slovenskej republiky a ďalších súdov pri ochrane práv fyzických a právnických osôb  |c Ján Drgonec 
520 |a Právomoc ústavného súdu vo vzťahu k iným súdnym orgánom. Právomoc ústavného súdu vo vzťahu k všeobecným súdom Slovenskej republiky. Ústavný súd SR a rozhodnutia Ústavného súdu Českej a Slovenskej Federatívnej Republiky. Ústavný súd SR a rozhodnutia Európskeho súdu pre ľudské práva a Komisie pre ľudské práva. Právomoc ústavného súdu vo veci ústavných sťažností. Právomoc ústavného súdu vo veci podnetov. Právomoc ústavného súdu a časový faktor. 
610 2 0 |a Ústavný súd SR Košice 
610 2 0 |a právomoc 
610 2 0 |a súdnictvo 
610 2 0 |a Slovensko 
610 2 0 |a ústava 
610 2 0 |a právo ústavné 
610 2 0 |a Európa 
610 2 0 |a práva ľudské 
610 2 0 |a sťažnosti 
610 2 0 |a faktor času 
100 1 |a Drgonec, Ján